00453nam a22001457a 450000500170000000800410001702000160005804100130007408200130008710000130010024500810011326000560019430000320025065000250028220240123073025.0240123b |||||||| |||| 00| 0 eng d a0409004138  aEnglish  a349 JOU  lEnglish  aThe Law of South Africa : Cumulative Supplement 1990 / cedited by JA Faris  aDurban : bButterworth Publishers (Pty) Ltd, c1990 bxxx, 1160 pages ; c26 cm.  aLegal practice bLaw